| 000 | 00669nam a2200193 a 4500 | ||
|---|---|---|---|
| 005 | 20210219150657.0 | ||
| 008 | 991125s1945 mx 000 0 spa u | ||
| 035 | _aUPN01000019006 | ||
| 049 | _aCG | ||
| 050 | 4 |
_aQA533 _bA6.3 1945 |
|
| 100 | 1 | _aAnguiano, Manuel | |
| 245 | 1 | 0 |
_aElementos de trigonometría rectilínea y breves apuntes sobre trigonometría esférica y analítica / _cpor Manuel Anguiano. |
| 250 | _a3a ed. | ||
| 260 |
_aCiudad Juárez, Chih. : _bAnguiano, _c1945. |
||
| 300 |
_a156 p. : _bil. |
||
| 500 | _aTítulo de la cubierta: Matemáticas elementales : trigonometría | ||
| 650 | 4 |
_aTRIGONOMETRIA PLANA - _xESTUDIO Y ENSEÑANZA |
|
| 905 | _aLibro | ||
| 999 |
_c19006 _d19006 |
||